<?xml version="1.0" encoding="UTF-8"?>
<record
    xmlns:xsi="http://www.w3.org/2001/XMLSchema-instance"
    xsi:schemaLocation="http://www.loc.gov/MARC21/slim http://www.loc.gov/standards/marcxml/schema/MARC21slim.xsd"
    xmlns="http://www.loc.gov/MARC21/slim">

  <leader>00919nam a2200205Ia 4500</leader>
  <datafield tag="999" ind1=" " ind2=" ">
    <subfield code="c">35438</subfield>
    <subfield code="d">35438</subfield>
  </datafield>
  <controlfield tag="001">1296</controlfield>
  <controlfield tag="003">GE_BSU</controlfield>
  <controlfield tag="005">20250429173613.0</controlfield>
  <controlfield tag="008">181216s1976||||ge |||||||||||||| ||geo||</controlfield>
  <datafield tag="040" ind1=" " ind2=" ">
    <subfield code="c">GE_BSU</subfield>
  </datafield>
  <datafield tag="041" ind1=" " ind2=" ">
    <subfield code="a">geo</subfield>
  </datafield>
  <datafield tag="080" ind1=" " ind2=" ">
    <subfield code="a">633/635(075.8) &#x10EE;-12</subfield>
  </datafield>
  <datafield tag="100" ind1=" " ind2=" ">
    <subfield code="a">&#x10EE;&#x10D0;&#x10D1;&#x10D4;&#x10D8;&#x10E8;&#x10D5;&#x10D8;&#x10DA;&#x10D8;, &#x10D5;.</subfield>
    <subfield code="9">24973</subfield>
  </datafield>
  <datafield tag="245" ind1=" " ind2=" ">
    <subfield code="a">&#x10E1;&#x10E3;&#x10D1;&#x10E2;&#x10E0;&#x10DD;&#x10DE;&#x10D8;&#x10D9;&#x10E3;&#x10DA;&#x10D8; &#x10D9;&#x10E3;&#x10DA;&#x10E2;&#x10E3;&#x10E0;&#x10D4;&#x10D1;&#x10D8;&#x10E1; &#x10D0;&#x10D2;&#x10E0;&#x10DD;&#x10DC;&#x10DD;&#x10DB;&#x10D8;&#x10D8;&#x10E1; &#x10E1;&#x10D0;&#x10E4;&#x10E3;&#x10EB;&#x10D5;&#x10DA;&#x10D4;&#x10D1;&#x10D8; :</subfield>
    <subfield code="b"> [&#x10E1;&#x10D0;&#x10EE;&#x10D4;&#x10DA;&#x10DB;&#x10EB;&#x10E6;&#x10D5;. &#x10E1;&#x10E3;&#x10D1;&#x10E2;&#x10E0;&#x10DD;&#x10DE;. &#x10DB;&#x10D4;&#x10E3;&#x10E0;&#x10DC;. &#x10D8;&#x10DC;-&#x10E2;&#x10D8;&#x10E1; &#x10E1;&#x10E2;&#x10E3;&#x10D3;&#x10D4;&#x10DC;&#x10E2;&#x10D4;&#x10D1;&#x10D8;&#x10E1;&#x10D0;&#x10D7;&#x10D5;&#x10D8;&#x10E1;] /</subfield>
    <subfield code="c">&#x10D5;. &#x10EE;&#x10D0;&#x10D1;&#x10D4;&#x10D8;&#x10E8;&#x10D5;&#x10D8;&#x10DA;&#x10D8;.</subfield>
  </datafield>
  <datafield tag="264" ind1=" " ind2=" ">
    <subfield code="a">&#x10D7;&#x10D1;&#x10D8;&#x10DA;&#x10D8;&#x10E1;&#x10D8; :</subfield>
    <subfield code="b">&#x10D2;&#x10D0;&#x10DC;&#x10D0;&#x10D7;&#x10DA;&#x10D4;&#x10D1;&#x10D0;,</subfield>
    <subfield code="c">1976.</subfield>
  </datafield>
  <datafield tag="300" ind1=" " ind2=" ">
    <subfield code="a">454 &#x10D2;&#x10D5;. </subfield>
    <subfield code="b">21 &#x10E1;&#x10DB;.</subfield>
  </datafield>
  <datafield tag="541" ind1=" " ind2=" ">
    <subfield code="h">15 &#x10DA;.</subfield>
  </datafield>
  <datafield tag="653" ind1=" " ind2=" ">
    <subfield code="a">&#x10E1;&#x10E3;&#x10D1;&#x10E2;&#x10E0;&#x10DD;&#x10DE;&#x10D8;&#x10D9;&#x10E3;&#x10DA;&#x10D8; &#x10D9;&#x10E3;&#x10DA;&#x10E2;&#x10E3;&#x10E0;&#x10D4;&#x10D1;&#x10D8;&#x10E1; &#x10D0;&#x10D2;&#x10E0;&#x10DD;&#x10DC;&#x10DD;&#x10DB;&#x10D8;&#x10D0;</subfield>
  </datafield>
  <datafield tag="942" ind1=" " ind2=" ">
    <subfield code="c">BK</subfield>
    <subfield code="2">udc</subfield>
  </datafield>
  <datafield tag="952" ind1=" " ind2=" ">
    <subfield code="0">0</subfield>
    <subfield code="1">0</subfield>
    <subfield code="2">udc</subfield>
    <subfield code="4">0</subfield>
    <subfield code="6">6336350758_&#x10EE;12</subfield>
    <subfield code="7">0</subfield>
    <subfield code="9">33787</subfield>
    <subfield code="a">MPL</subfield>
    <subfield code="b">MPL</subfield>
    <subfield code="c">GEN</subfield>
    <subfield code="d">2018-12-17</subfield>
    <subfield code="g">15.00</subfield>
    <subfield code="o">633/635(075.8) &#x10EE;-12</subfield>
    <subfield code="p">2706</subfield>
    <subfield code="r">2018-12-17</subfield>
    <subfield code="t">2706</subfield>
    <subfield code="w">2018-12-17</subfield>
    <subfield code="y">BK</subfield>
    <subfield code="z">15 &#x10DA;.</subfield>
  </datafield>
</record>
